हिंदी साहित्य का इतिहास / (Record no. 178774)

MARC details
000 -LEADER
fixed length control field 00635nam a22001697a 4500
005 - DATE AND TIME OF LATEST TRANSACTION
control field 20210413122050.0
010 ## - LCCN (DPL NO)
LC control number HIN-120086
020 ## - INTERNATIONAL STANDARD BOOK NUMBER
Terms of availability 100.00
035 ## - SYSTEM CONTROL NUMBER
System control number HN-92432
037 ## - SOURCE OF ACQUISITION
Source of stock number/acquisition लोकायत प्रकाशन
Stock number
082 ## - DEWEY DECIMAL CLASSIFICATION NUMBER
Classification number 820.08
245 ## - TITLE STATEMENT
Title हिंदी साहित्य का इतिहास /
Statement of responsibility, etc एफ, ई. के.
260 ## - PUBLICATION, DISTRIBUTION, ETC. (IMPRINT)
Name of publisher, distributor, etc लोकायत पब्लिकेशन
Place of publication, distribution, etc गोरखपुर
Date of publication, distribution, etc 1920
300 ## - PHYSICAL DESCRIPTION
Extent 110पृ.
Dimensions 21सेमी(सजिल्द)
500 ## - GENERAL NOTE
General note अनुक्रमणिका
942 ## - ADDED ENTRY ELEMENTS (KOHA)
Source of classification or shelving scheme Dewey Decimal Classification
Item type Hindi Books
Call number suffix फ्रैंकई
Classification part 820.09
Holdings
Withdrawn status Lost status Not for loan Collection code Home library Current library Date acquired Source of acquisition Cost, normal purchase price Full call number Barcode Copy number Cost, replacement price Koha item type
      Non-fiction Andrews Gunj Andrews Gunj 13/04/2021 DBAD/PUB 100.00 820.09 फ्रैंकई HN-92432 1 100.00 Hindi Books

© Delhi Public Library
Hit Counter
free hit counter